Entry Personal Name
Number of records used in: 1
001 - CONTROL NUMBER
003 - CONTROL NUMBER IDENTIFIER
005 - DATE AND TIME OF LATEST TRANSACTION
- control field:
20231123162532.0
008 - FIXED-LENGTH DATA ELEMENTS
- fixed length control field:
140327n| azannaabn |n aaa
010 ## - LIBRARY OF CONGRESS CONTROL NUMBER
- LC control number:
nb2014007251
035 ## - SYSTEM CONTROL NUMBER
- System control number:
(Uk)008990504
040 ## - CATALOGING SOURCE
- Original cataloging agency:
Uk
- Language of cataloging:
eng
- Description conventions:
rda
- Transcribing agency:
Uk
046 ## - SPECIAL CODED DATES
100 1# - HEADING--PERSONAL NAME
- Personal name:
Singh, Maya Shankar,
- Dates associated with a name:
1960-
370 ## - ASSOCIATED PLACE
- Other associated place:
Vārānasi (Uttar Pradesh, India)
- Source of term:
naf
372 ## - FIELD OF ACTIVITY
- Field of activity:
College teaching
- Field of activity:
Chemistry, Organic
- Source of term:
lcsh
373 ## - ASSOCIATED GROUP
- Associated group:
Banaras Hindu University. Department of Chemistry
374 ## - OCCUPATION
- Occupation:
College teachers
- Occupation:
Chemists
- Source of term:
lcsh
375 ## - GENDER
377 ## - ASSOCIATED LANGUAGE
670 ## - SOURCE DATA FOUND
- Source citation:
Reactive intermediates in organic chemistry, [2014]:
- Information found:
t.p. (Maya Shankar Singh) back cover (Professor in Organic Chemistry at Banaras Hindu University)
670 ## - SOURCE DATA FOUND
- Source citation:
Banaras Hindu University www site, viewed 27 March 2014:
- Information found:
Department of Chemistry (Dr. Maya Shankar Singh, born 6 February 1960)